Between actor and presence : The European union and the future for the transatlantic relationship

שמור ב:
מידע ביבליוגרפי
מחבר ראשי: George A.Maclean
פורמט: ספר
שפה:Undetermined
יצא לאור: Ottawa Univesity of Ottawa Press 2001
נושאים:
תגים: הוספת תג
אין תגיות, היה/י הראשונ/ה לתייג את הרשומה!
Thư viện lưu trữ: Trung tâm Học liệu Trường Đại học Cần Thơ
LEADER 00520nam a2200157Ia 4500
001 CTU_56143
008 210402s9999 xx 000 0 und d
082 |a 327.094'09045 
082 |b M163 
100 |a George A.Maclean 
245 0 |a Between actor and presence : The European union and the future for the transatlantic relationship 
260 |a Ottawa 
260 |b Univesity of Ottawa Press 
260 |c 2001 
650 |a Relation - European union countries 
980 |a Trung tâm Học liệu Trường Đại học Cần Thơ